Las crisis generadoras de cambio de pensamiento económico, acerca de las finanzas publicas (Registro nro. 138109)
[ vista simple ]
| 000 -CABECERA | |
|---|---|
| campo de control de longitud fija | 00516nam a2200181Ia 4500 |
| 001 - NÚMERO DE CONTROL | |
| campo de control | 138109 |
| 003 - IDENTIFICADOR DEL NÚMERO DE CONTROL | |
| campo de control | 230227 |
| 005 - FECHA Y HORA DE LA ÚLTIMA TRANSACCIÓN | |
| campo de control | 20250329062541.0 |
| 008 - DATOS DE LONGITUD FIJA--INFORMACIÓN GENERAL | |
| campo de control de longitud fija | ||||||n9999 ||| || || |
| 082 ## - NÚMERO DE LA CLASIFICACIÓN DECIMAL DEWEY | |
| Número de clasificación | 330 |
| 100 ## - ENTRADA PRINCIPAL--NOMBRE DE PERSONA | |
| Nombre de persona | Poveda Meza, Cándido |
| 9 (RLIN) | 169593 |
| 245 #0 - MENCIÓN DE TÍTULO | |
| Título | Las crisis generadoras de cambio de pensamiento económico, acerca de las finanzas publicas |
| 562 ## - NOTA DE IDENTIFICACIÓN DE LA COPIA Y VERSIÓN | |
| Número de copias | 1 |
| 650 #0 - PUNTO DE ACCESO ADICIONAL DE MATERIA--TÉRMINO DE MATERIA | |
| Término de materia o nombre geográfico como elemento de entrada | Crisis económica |
| 9 (RLIN) | 4747 |
| 650 #0 - PUNTO DE ACCESO ADICIONAL DE MATERIA--TÉRMINO DE MATERIA | |
| Término de materia o nombre geográfico como elemento de entrada | Hacienda pública |
| 9 (RLIN) | 8154 |
| 650 #0 - PUNTO DE ACCESO ADICIONAL DE MATERIA--TÉRMINO DE MATERIA | |
| Término de materia o nombre geográfico como elemento de entrada | Pensamiento económico |
| 9 (RLIN) | 4737 |
| 942 ## - ELEMENTOS DE PUNTO DE ACCESO ADICIONAL (KOHA) | |
| Tipo de ítem Koha | Tesis |
| Estado de retiro | Estado de pérdida | Estado dañado | No para préstamo | Código de colección | Localización permanente | Ubicación/localización actual | Coste, precio normal de compra | Total de préstamos | Signatura topográfica completa | Código de barras | Número de copia | Tipo de ítem Koha |
|---|---|---|---|---|---|---|---|---|---|---|---|---|
| Trabajos de Grado | Bucaramanga - Sede Santander | Bucaramanga - Sede Santander | 0.00 | SAN015 2009 | SAN6332 | 1 | Tesis |

